000 00503nam a2200145Ia 4500
008 170221s9999 xx 000 0 und d
100 _aSambas Ade Kesuma
245 _aIT Sophistication: Implementation on State Owned Banks in Indonesia
245 _cSambas Ade Kesuma, Siti Zabedah Saidin, Aidi Ahmi
260 _bInternational Review of Management and Marketing
260 _c2012
300 _a7 : 2
650 _xMarketing.
856 _uhttp://www.econjournals.com/index.php/irmm/issue/view/97
999 _c314031
_d314031